[Event "Porz op29"]
[Site "Porz"]
[Date "1993.??.??"]
[Round "6"]
[White "Mueller Using, Detlef"]
[Black "Goede, Heiko"]
[Result "1/2-1/2"]
[WhiteElo "2000"]
[BlackElo "1765"]

1.e4 c5 2.Nf3 e6 3.d4 cxd4 4.Nxd4 a6 5.Bd3 Nc6 6.Be3 Nf6 7.Nc3 Qc7 8.O-O Ne5
9.h3 b5 10.f4 Nc4 11.Bxc4 Qxc4 12.e5 Nd5 13.Nxd5 Qxd5 14.Qg4 Bb7 15.Rfd1 Qe4
16.Rd3 Rc8 17.Rad1 h5 18.Qg3 h4 19.Qf2 Bd5 20.f5 Be7 21.Bf4 Bc5 22.c3 Bxd4
23.Rxd4 Qxf5 24.Qd2 Rc4 25.Rf1 Rxd4 26.cxd4 Bc4 27.Rf2 Qb1+ 28.Kh2 Qd3 29.b3 Qxd2
30.Bxd2 Bd5 31.Bb4 Rh6 32.Rc2  1/2-1/2

[Event "Porz Citroen-Cup"]
[Site "Porz"]
[Date "1993.??.??"]
[Round "8"]
[White "Holzke, Frank"]
[Black "Hoffmann, Michael"]
[Result "1/2-1/2"]
[WhiteElo "2375"]
[BlackElo "2455"]

1.e4 c5 2.Nf3 e6 3.d4 cxd4 4.Nxd4 a6 5.Bd3 Nf6 6.O-O Qc7 7.Qe2 d6 8.c4 Nc6
9.Nf3 Ng4 10.Bf4 Nce5 11.Nc3 Nxd3 12.Qxd3 Ne5 13.Nxe5 dxe5 14.Be3 Bd7 15.Rac1 Rd8
16.c5 Be7 17.b4 O-O 18.Qe2 Bc8 19.b5 h6 20.bxa6 bxa6 21.Qb2 Bg5 22.Bxg5 hxg5
23.Qb6 Qxb6 24.cxb6 Rd6 25.Rb1 Bb7 26.f3 Rc8 27.Rfd1 Rxd1+ 28.Nxd1 Kf8 29.Ne3 Ke7
30.Kf2 Rc5 31.Ke2 Kd6 32.Kd2 f6 33.a4 a5 34.g3 Kc6 35.h4 g4 36.Nxg4 Rc4 37.Rc1 Rxc1
38.Kxc1 Kxb6 39.Kb2 Kc5 40.Kb3 Kd4 41.Nxf6 Ke3 42.h5 Kxf3 43.Ne8 Bxe4  1/2-1/2

[Event "CRO-Cup"]
[Site "Pula"]
[Date "1993.??.??"]
[Round "1"]
[White "Galic, Kruno"]
[Black "Sulava, Nenad"]
[Result "0-1"]
[WhiteElo "2265"]
[BlackElo "2415"]

1.e4 c5 2.Nf3 e6 3.d4 cxd4 4.Nxd4 a6 5.Bd3 Nf6 6.O-O Qc7 7.Qe2 d6 8.c4 Nbd7
9.b3 g6 10.Bb2 Bg7 11.Nf3 O-O 12.e5 dxe5 13.Nxe5 Nh5 14.Nxd7 Nf4 15.Qc2 Bxb2
16.Qxb2 Bxd7 17.Rd1 Bc6 18.Bf1 Rad8 19.Nc3 Qe5 20.h4 Qh5 21.f3 Qxh4 22.Qf2 Qg5
23.g3 Nh5 24.Ne2 e5 25.Bg2 Rd2 26.f4 Rxd1+ 27.Rxd1 exf4 28.gxf4 Qg4 29.Kf1 Re8
30.Bxc6 bxc6 31.Rd2 a5 32.Qg2 Qxg2+ 33.Kxg2 Rxe2+ 34.Rxe2 Nxf4+ 35.Kf3 Nxe2
36.Kxe2  0-1

[Event "CRO-Cup"]
[Site "Pula"]
[Date "1993.??.??"]
[Round "3"]
[White "Messing, Hrvoje"]
[Black "Lamza, Nenad"]
[Result "1/2-1/2"]
[WhiteElo "2355"]
[BlackElo "2290"]

1.e4 c5 2.Nf3 e6 3.d4 cxd4 4.Nxd4 a6 5.Bd3 Nf6 6.O-O d6 7.c4 g6 8.Nc3 Bg7
9.Be3 O-O 10.h3 Qc7 11.Rc1 Nbd7 12.b3 b6 13.Qd2 Re8 14.Bh6 Bh8 15.Bb1 Bb7
16.Nde2 Nc5 17.Ng3 Bc6 18.Rfe1 Red8 19.b4 Na4 20.Nb5 Qe7 21.Nd4 Be8 22.Bg5 e5
23.Nb3  1/2-1/2

[Event "ISD-FRA"]
[Site "Reykjavik"]
[Date "1993.??.??"]
[Round "10"]
[White "Prie, Eric"]
[Black "Stefansson, Hannes"]
[Result "0-1"]
[WhiteElo "2470"]
[BlackElo "2495"]

1.e4 c5 2.Nf3 e6 3.d4 cxd4 4.Nxd4 a6 5.Bd3 Bc5 6.Nb3 Ba7 7.Qe2 Nc6 8.Nc3 d6
9.Be3 Nf6 10.O-O-O b5 11.f4 b4 12.Na4 e5 13.f5 O-O 14.Bxa7 Rxa7 15.g4 Bd7
16.g5 Ne8 17.Rhg1 Nb8 18.Qh5 Bxa4 19.Rg3 Bb5 20.Rh3 h6 21.f6 Nxf6 22.gxf6 Qxf6
23.Rf3 Qe6 24.Rg1 Kh7 25.Nd2 Rc7 26.Kb1 Nc6 27.Rfg3 g6 28.Qh4 Qe7 29.Qg4 Nd4
30.h4 h5 31.Qd1 Qxh4 32.R3g2 Bxd3 33.cxd3 Rfc8 34.Nc4 Rxc4 35.dxc4 Qxe4+
36.Ka1 Rxc4 37.b3 Nc2+ 38.Kb2 Ne3 39.Qxd6 Rc2+ 40.Rxc2 Qxc2+ 41.Ka1 Qc3+
42.Kb1 Nc2  0-1

[Event "ROM-chT"]
[Site "ROM"]
[Date "1993.??.??"]
[Round "2"]
[White "Hristodorescu, Daniel"]
[Black "Gheorghiu, Florin"]
[Result "1/2-1/2"]
[WhiteElo "2335"]
[BlackElo "2475"]

1.e4 c5 2.Nf3 e6 3.d4 cxd4 4.Nxd4 a6 5.Bd3 Nf6 6.O-O d6 7.f4 g6 8.Kh1 Bg7
9.Nc3 Nfd7 10.Nf3 Nc6 11.Be3 Qe7 12.Qd2 b5 13.Rae1  1/2-1/2

[Event "ROM-chT"]
[Site "ROM"]
[Date "1993.??.??"]
[Round "6"]
[White "Ionescu, Doru Alexandru"]
[Black "Stefanov, Plamen"]
[Result "1-0"]
[WhiteElo "2225"]
[BlackElo "2310"]

1.e4 e6 2.d4 c5 3.Nf3 cxd4 4.Nxd4 a6 5.Bd3 Nf6 6.O-O d6 7.f4 Nc6 8.Nxc6 bxc6
9.Nd2 Be7 10.e5 dxe5 11.fxe5 Qd4+ 12.Kh1 Qxe5 13.Nc4 Qc7 14.Bf4 Qd8 15.Ne5 Bb7
16.Qf3 Ra7 17.Rad1 Qa8 18.Qg3 Kf8 19.Be3 c5 20.Rxf6 gxf6 21.Nd7+ Ke8 22.Nb6 Bxg2+
23.Qxg2 Qxg2+ 24.Kxg2 Rg8+ 25.Kf3 Rc7 26.Bxa6 Rg6 27.Bb5+ Kf8 28.a4 f5 29.Bf4 Ra7
30.Nd7+ Kg7 31.Ne5 f6 32.Nxg6 hxg6 33.Rd7 Rxd7 34.Bxd7 e5 35.Be3 e4+ 36.Kf2 Bd6
37.h3 f4 38.Bc1 c4 39.c3 f5 40.Be6 Kf6 41.Bxc4 Bc5+ 42.Kf1 g5 43.b4 Ba7 44.a5 f3
45.b5 Bc5 46.b6 g4 47.hxg4 fxg4 48.Bf4  1-0

[Event "Rostov op"]
[Site "Rostov"]
[Date "1993.??.??"]
[Round "?"]
[White "Kulish, Irina"]
[Black "Ionov, Sergey"]
[Result "0-1"]
[WhiteElo "2170"]
[BlackElo "2500"]

1.e4 c5 2.Nf3 e6 3.d4 cxd4 4.Nxd4 a6 5.Bd3 Nf6 6.O-O Qc7 7.Nc3 Be7 8.Kh1 Nc6
9.Be3 O-O 10.f4 d6 11.Qf3 e5 12.Nxc6 bxc6 13.fxe5 dxe5 14.Bc4 Rb8 15.Rab1 Kh8
16.Qg3 Nh5 17.Qf3 Nf6 18.Qg3 Rb4 19.b3 Nh5 20.Qf3 Nf6 21.Qe2 a5 22.Rf2 Bg4
23.Qf1 Bh5 24.Bg5 Ng4 25.Rf5 Bg6 26.Bxe7 Qxe7 27.Rf3 Nf6 28.Re1 Nh5 29.g3 Nf6
30.Qf2 Rbb8 31.Rd3 h6 32.Qe3 a4 33.Red1 Ng4 34.Qf3 f5 35.Rd7 Qc5 36.R7d2 axb3
37.cxb3 Nf6 38.exf5 Bh5 39.Qf2 Qxf2 40.Rxf2 Bxd1 41.Nxd1 Rbd8 42.Ne3 Ne4
43.Rc2 Rd2 44.Rxd2 Nxd2 45.Be6 Rd8 46.Kg2 e4 47.g4 Rd3 48.Kf2 Nf3 49.a4 Nxh2
50.a5 Nf3 51.a6 Rd2+ 52.Kg3 Ra2 53.Bc8 Nd4 54.b4 Ne2+ 55.Kh4 Ra1 56.Kh5 Kh7
57.g5 Rh1+  0-1

[Event "San Martin"]
[Site "San Martin"]
[Date "1993.??.??"]
[Round "4"]
[White "Schweber, Samuel"]
[Black "Smyslov, Vassily"]
[Result "1/2-1/2"]
[WhiteElo "2350"]
[BlackElo "2520"]

1.e4 c5 2.Nf3 e6 3.d4 cxd4 4.Nxd4 a6 5.Bd3 g6 6.f4 Bg7 7.Nf3 Ne7 8.c3 Nbc6
9.O-O O-O 10.Nbd2 d6 11.a4 Rb8 12.Qe2 b5 13.axb5 axb5 14.Nb3 e5 15.fxe5 dxe5
16.Be3 b4 17.Bc4 h6 18.Nfd2 bxc3 19.bxc3 Qc7 20.Rf2 Nd8 21.Nc5 Rb2 22.Raf1 Nec6
23.Qd3 Rb8 24.Bd5 Ne7 25.Ba2 Ra8 26.Bc4 Nec6 27.h4 Qe7 28.h5 gxh5 29.Bd5 Bg4
30.Nc4 Qc7 31.Qb1 Rb8 32.Qc1 Qe7 33.Nd3 Rb5 34.Bxh6 Be6 35.Bxg7 Kxg7 36.Ne3 Qg5
37.Bxe6 Nxe6 38.Nf5+ Kg8 39.Nh6+ Kg7 40.Nxf7 Qxc1 41.Nxc1 Nf4 42.Nd6 Rbb8
43.Nf5+ Kh7 44.Kh2 Rg8 45.g3 Ne6 46.Rh1 Ng5 47.Kg2 Nxe4 48.Re2 Nxc3 49.Rc2 Nd4  1/2-1/2

[Event "Santiago"]
[Site "Santiago de Chile"]
[Date "1993.??.??"]
[Round "?"]
[White "Arancibia, Eduardo"]
[Black "Godoy Bugueno, David A"]
[Result "1/2-1/2"]
[WhiteElo "2300"]
[BlackElo "2315"]

1.e4 c5 2.Nf3 e6 3.d4 cxd4 4.Nxd4 a6 5.Bd3 Nf6 6.O-O Nc6 7.Nxc6 dxc6 8.Nd2 Nd7
9.f4 Nc5 10.Nb3 Nxd3 11.cxd3 Be7 12.Be3 b6 13.Rc1 Bb7 14.d4 O-O 15.f5 exf5
16.Rxf5 g6 17.Rf2 f6 18.Rd2 Qe8 19.d5 Bd8 20.Bh6 c5 21.Bxf8 Kxf8 22.Re2 Bc7
23.Nd2 Rd8 24.Nf3 Bf4 25.Rc3 Kg7 26.Qb3 Bxd5 27.Qxb6 Bxe4 28.Qxa6 Rd1+ 29.Kf2 f5
30.Qa7+ Kh6 31.Ne1 Rd7 32.Qxc5 Bb8 33.Qe3+ Kg7 34.Ra3 Qe7 35.Nf3 Rd1 36.Rd2 Rc1
37.Ra5 Bc7 38.Ra7 Kg8 39.Qd4 Bxf3 40.Rxc7 Rxc7 41.Qd8+ Qxd8 42.Rxd8+ Kf7
43.Kxf3 g5 44.Rd2 Rb7 45.b3 Ke6 46.Ke3 Ke5 47.g3 Rb6 48.Kd3 Rd6+ 49.Ke2 Rh6
50.Kf3 Rc6 51.b4 Rc4 52.Rb2 Kd6 53.b5 Kc7 54.b6+ Kb7 55.Rb5 Rc3+ 56.Kg2 Rc2+
57.Kg1 Rc1+ 58.Kg2 Rc2+ 59.Kf3 Rc3+ 60.Ke2 Rc2+ 61.Ke3 f4+ 62.Kf3 Rxh2 63.gxf4 gxf4
64.a4 Rh3+  1/2-1/2

[Event "SCO-ch100"]
[Site "?"]
[Date "1993.??.??"]
[Round "?"]
[White "Mannion, Stephen R"]
[Black "Motwani, Paul"]
[Result "0-1"]
[WhiteElo "2405"]
[BlackElo "2520"]

1.e4 c5 2.Nf3 e6 3.d4 cxd4 4.Nxd4 a6 5.Bd3 g6 6.f4 Bg7 7.Nf3 Nc6 8.O-O d5
9.exd5 exd5 10.f5 Nge7 11.fxg6 hxg6 12.Nc3 Bg4 13.Qe1 Qd6 14.h3 Bxf3 15.Rxf3 Nd4
16.Rf1 Ne6 17.Qf2 O-O-O 18.Be3 f5 19.Ne2 d4 20.Bd2 Nd5 21.Rac1 Nc5 22.Nxd4 Rxh3
23.gxh3 Bxd4 24.Qxd4 Qg3+ 25.Kh1 Qxh3+ 26.Kg1 Qg3+ 27.Kh1 Ne6 28.Qc4+ Kb8
29.Bc3 Nxc3 30.Qxc3 Nd4  0-1

[Event "ROM-ch Girls"]
[Site "Singeorz"]
[Date "1993.??.??"]
[Round "?"]
[White "Sasu Ducsoara, Andrea"]
[Black "Bradianu, Ileana"]
[Result "1/2-1/2"]
[WhiteElo "2070"]
[BlackElo "2015"]

1.e4 c5 2.Nf3 e6 3.d4 cxd4 4.Nxd4 a6 5.Bd3 Qc7 6.O-O Nf6 7.Qe2 d6 8.c4 Nbd7
9.b3 Be7 10.Bb2 b6 11.Nc3 Bb7 12.Rac1 Rc8 13.Kh1 Qb8 14.f4 O-O 15.Rfe1 Rfd8
16.Rcd1 e5 17.Nf5 Bf8 18.Nd5 Bxd5 19.exd5 Re8 20.Qf3 g6 21.Ng3 exf4 22.Qxf4 Bg7
23.Rf1 Ne5 24.Bb1 Qc7 25.h4 Qe7 26.h5 Nfg4 27.Ne4 Qh4+ 28.Kg1 Bh6 29.Nf6+ Kh8
30.Nxg4 Bxf4 31.Rxf4 f6 32.Rdf1 Qg5 33.Nxf6 Rf8 34.Nxh7 Kxh7 35.Rxf8 Qe3+
36.R8f2 Ng4 37.hxg6+ Kg8 38.Bf5 Nxf2 39.Rxf2 Qe1+ 40.Rf1 Qe3+ 41.Kh2 Re8
42.Be6+ Rxe6 43.dxe6 Qh6+ 44.Kg1 Qe3+ 45.Kh2  1/2-1/2

[Event "Hospitalet op"]
[Site "Sitges"]
[Date "1993.??.??"]
[Round "4"]
[White "De la Villa Garcia, Jesus Maria"]
[Black "Magem Badals, Jorge"]
[Result "1/2-1/2"]
[WhiteElo "2440"]
[BlackElo "2505"]

1.e4 c5 2.Nf3 e6 3.d4 cxd4 4.Nxd4 a6 5.Bd3 Bc5 6.Nb3 Ba7 7.Nc3 Nc6 8.Qe2 d6
9.O-O Nge7 10.Be3 Bxe3  1/2-1/2

[Event "SLO-chT"]
[Site "?"]
[Date "1993.??.??"]
[Round "?"]
[White "Ankerst, Milka"]
[Black "Krmelj, Natasa"]
[Result "1-0"]
[WhiteElo "2130"]
[BlackElo "2045"]

1.e4 c5 2.Nf3 e6 3.d4 cxd4 4.Nxd4 a6 5.Bd3 Bc5 6.Nb3 Ba7 7.O-O Nc6 8.Qe2 d6
9.Be3 Bxe3 10.Qxe3 Nf6 11.Nc3 O-O 12.Rad1 Qc7 13.h3 b5 14.f4 Bb7 15.Qg3 b4
16.Nb1 Kh8 17.N1d2 e5 18.f5 a5 19.c4 a4 20.Na1 Nd4 21.Nc2 Qc5 22.Qf2 Nxc2
23.Bxc2 Qxf2+ 24.Kxf2 Rfd8 25.Ke3 Nd7 26.Nf3 Nc5 27.Rf2 f6 28.g4 b3 29.axb3 axb3
30.Bd3 Kg8 31.h4 Kf7 32.g5 Ra2 33.Bb1 Ra4 34.Bd3 Ra6 35.Nd2 Ra2 36.Rb1 Rda8
37.Be2 Ra1 38.Rff1 Rxb1 39.Rxb1 Ra4 40.Bd1 Ba6 41.Nxb3 Nxb3 42.Bxb3 Rb4 43.Ba2 Bxc4
44.Bxc4+ Rxc4 45.b4 Rc3+ 46.Kd2 Rc7 47.Kd3 g6 48.b5 gxf5 49.exf5 d5 50.b6 Rb7
51.Rb5 fxg5 52.hxg5 h6 53.gxh6 Kf6 54.Kc3 Kf7 55.Kb4 d4 56.Kc4 Kf6 57.Kd3 Kf7
58.Ke4 Kf6 59.Rb2 Kf7 60.Kxe5 d3 61.f6 Kg6 62.Rg2+ Kxh6 63.Kf5 Kh7 64.Rh2+ Kg8
65.Kg6 Rxb6 66.Ra2 Rb8 67.Ra7 d2 68.Rd7 Kf8 69.Rxd2 Ke8 70.Kg7 Rb7+ 71.Kg8 Rg7+
72.fxg7  1-0

[Event "St Martin op"]
[Site "St Martin"]
[Date "1993.??.??"]
[Round "4"]
[White "Zapata, Alonso"]
[Black "Lein, Anatoly"]
[Result "1/2-1/2"]
[WhiteElo "2580"]
[BlackElo "2460"]

1.e4 c5 2.Nf3 e6 3.d4 cxd4 4.Nxd4 a6 5.Bd3 Nf6 6.O-O Qc7 7.Qe2 d6 8.c4 g6
9.Nc3 Bg7 10.Be3 O-O 11.Rac1 b6 12.f3 Nbd7 13.Qf2 Bb7 14.Rfd1 Rac8 15.Bf1 Qb8
16.Nc2 Ba8 17.Qd2 Ne8 18.Bh6 Bxh6 19.Qxh6 Ne5 20.Ne3 Qa7 21.Kh1 Qe7 22.Rd4 f5
23.exf5 gxf5 24.Re1 Qf6 25.Qxf6 Rxf6 26.f4 Ng6 27.Kg1 Rf7 28.g3 Kg7 29.Rd2 h5
30.Be2 Kh6 31.Bd1 Bc6 32.Ne2 Bd7 33.Bc2 b5 34.Bb3 Kg7 35.Nd4 Rf6 36.Nf3 b4
37.Bd1 Rf8 38.Ne5 dxe5 39.Rxd7+ Kf6 40.Bxh5 exf4 41.Bxg6 fxe3 42.Bh5 Rxc4
43.Rxe3 Nc7 44.Re2 Nb5 45.Red2 Rc1+ 46.Kg2 Ra1 47.Be2 Rxa2 48.Bxb5 axb5 49.Rb7 Rc8
50.Rxb5 Rc4 51.Re2 Ra6 52.Kf3 Rd6 53.h3 Rd3+  1/2-1/2

[Event "St Martin op"]
[Site "St Martin"]
[Date "1993.??.??"]
[Round "5"]
[White "Curdo, John"]
[Black "Zapata, Alonso"]
[Result "0-1"]
[WhiteElo "2340"]
[BlackElo "2580"]

1.e4 c5 2.Nf3 e6 3.d4 cxd4 4.Nxd4 a6 5.Bd3 Nf6 6.O-O Qc7 7.Qe2 d6 8.b3 Be7
9.Bb2 O-O 10.c4 b6 11.Nc3 Bb7 12.Rad1 Nbd7 13.f4 Rfe8 14.Bb1 Bf8 15.Kh1 g6
16.Nc2 Bg7 17.Nd4 e5 18.fxe5 Nxe5 19.Nd5 Bxd5 20.cxd5 Nfd7 21.Rc1 Qd8 22.a4 Nc5
23.Bc2 a5 24.Nb5 f5 25.Bd4 fxe4 26.Bxc5 bxc5 27.Bxe4 Qd7 28.Rce1 Ng4 29.Qd2 Bh6
30.Qc3 Re5 31.Bf3 Ne3 32.Rf2 Rae8 33.Rfe2 Qd8 34.Kg1 Bf4 35.g3 Bh6 36.Qd3 Qf6
37.Bg2 Rf8 38.Na3 Kh8 39.Nb5 Rxd5 40.Qxd5 Nxd5 41.Bxd5 Bg7 42.Bg2 Qf7 43.Re3 Be5
44.Rf3 Qg7 45.Rxf8+ Qxf8 46.Bd5 Qf5 47.Nc7 Qd3 48.Kh1 h5  0-1

[Event "St Martin op"]
[Site "St Martin"]
[Date "1993.??.??"]
[Round "5"]
[White "Strenzwilk, Denis"]
[Black "Gamboa, Nelson"]
[Result "0-1"]
[WhiteElo "2240"]
[BlackElo "2395"]

1.e4 c5 2.Nf3 e6 3.d4 cxd4 4.Nxd4 a6 5.Bd3 Bc5 6.Nb3 Ba7 7.Qe2 Nc6 8.O-O d6
9.Be3 Nf6 10.h3 O-O 11.N1d2 Qc7 12.f4 e5 13.Kh1 Bxe3 14.Qxe3 Ne7 15.fxe5 dxe5
16.Nc4 Be6 17.Nb6 Rad8 18.Qc5 Qd6 19.Na4 Nc6 20.Qxd6 Rxd6 21.Nbc5 Nd8 22.Rfd1 b5
23.Nc3 Nd7 24.Nxe6 Nxe6 25.Bxb5 Nd4 26.Bd3 Nc5 27.b4 Nxd3 28.cxd3 Nc2 29.Rab1 Ne3
30.Rd2 h5 31.b5 axb5 32.Rxb5 Rc8 33.Re2 Rxd3 34.Rxe3 Rxe3 35.Nd5 Rc1+ 36.Kh2 Rxe4
37.Ne7+ Kh7 38.Nf5 h4 39.Rb2 g6 40.Nd6 Ree1 41.g4 Rh1+ 42.Kg2 Rcg1+ 43.Kf2 Rd1
44.Kg2 Rdg1+ 45.Kf2 Rg3 46.Rb7 Rh2+ 47.Kf1 Rd3 48.Kg1 Rxa2 49.Rxf7+ Kg8 50.Nc4 Rg3+  0-1

[Event "St Martin op"]
[Site "St Martin"]
[Date "1993.??.??"]
[Round "6"]
[White "Zapata, Alonso"]
[Black "Gurevich, Ilya"]
[Result "0-1"]
[WhiteElo "2580"]
[BlackElo "2515"]

1.e4 c5 2.Nf3 e6 3.d4 cxd4 4.Nxd4 a6 5.Bd3 Qc7 6.O-O Bc5 7.Nb3 Be7 8.f4 d6
9.Nc3 Nf6 10.Qe2 Nc6 11.Kh1 O-O 12.Bd2 b6 13.Rae1 Bb7 14.a3 g6 15.Rf3 Rfe8
16.Rh3 Bf8 17.Qf2 Bg7 18.Qh4 Rf8 19.Ne2 Qd8 20.Rf1 Rc8 21.c3 h5 22.Qe1 Ng4
23.Ng3 Qe8 24.Bc1 f5 25.Nd2 b5 26.Nf3 Qd7 27.Qe2 Rce8 28.Nh4 Ne7 29.Bb1 Bf6
30.Nf3 Nc6 31.Ba2 Kg7 32.Qd3 Bd8 33.Be3 Rh8 34.Bg1 h4 35.Ne2 Nb8 36.Nd2 Qc6
37.Nd4 Qc8 38.Re1 Bf6 39.exf5 exf5 40.Ne6+ Kh6 41.Nf3 Bxf3 42.gxf3 Ne5 43.fxe5 dxe5
44.Qd2+ f4 45.Nc5 Qxh3 46.Qe2 Qc8 47.Bf2 Nd7 48.Ne4 Be7 49.Rg1 Nf8 50.Bf7 Rd8
51.Bb6 Rd7 52.Qg2 Qc6 53.Bf2 Rd8 54.Ba2 Kg7 55.Bb1 h3 56.Qf1 Rh5 57.Qe2 Nh7
58.b4 Ng5 59.Bc5 Bf6 60.Bc2 Qe6 61.a4  0-1

[Event "St Petersburg op"]
[Site "St Petersburg"]
[Date "1993.??.??"]
[Round "?"]
[White "Petrushin, Alexander I"]
[Black "Tosic, Miroslav"]
[Result "1-0"]
[WhiteElo "2410"]
[BlackElo "2465"]

1.e4 c5 2.Nf3 e6 3.d4 cxd4 4.Nxd4 a6 5.Bd3 Nf6 6.O-O Qc7 7.Qe2 d6 8.Nd2 g6
9.f4 Bg7 10.a4 O-O 11.a5 Nbd7 12.N4b3 e5 13.f5 gxf5 14.Rxf5 Nc5 15.Rf1 Bg4
16.Qe3 Nxd3 17.cxd3 Be6 18.Ra4 Nh5 19.Nc4 Nf4 20.Qf3 d5 21.Nxe5 dxe4 22.Qxf4 Bxe5
23.Qg5+ Kh8 24.Nd4 Bd7 25.Rc4 Qd6 26.Nf5 Qxd3 27.Rc3 Qd5 28.Rh3 Bxf5 29.Rxf5 Bd4+
30.Kh1 Qc6 31.Rh6 Rg8 32.Rxh7+  1-0

[Event "St Petersburg op"]
[Site "St Petersburg"]
[Date "1993.??.??"]
[Round "?"]
[White "Vorontsov, Nickolay"]
[Black "Novik, Maxim"]
[Result "1/2-1/2"]
[WhiteElo "2355"]
[BlackElo "2475"]

1.e4 c5 2.Nf3 e6 3.d4 cxd4 4.Nxd4 a6 5.Bd3 Nf6 6.O-O Qc7 7.c4 Nc6 8.Nf3 Be7
9.Qe2 d6 10.Nc3 b6 11.Bf4 Ne5 12.Rac1 Bb7 13.Rfd1 Ng6 14.Bd2 O-O 15.Nd4 Rac8
16.b3 Rfe8 17.Bb1 Qb8 18.f4 Bf8 19.f5 exf5 20.Nxf5 Qa8 21.Ng3 b5 22.Bg5 Be7
23.Nf5 b4 24.Nxe7+ Rxe7 25.Bxf6 gxf6 26.Na4 Bxe4 27.Qf2 Rce8 28.Nb6 Qc6 29.Bxe4 Rxe4
30.Nd5 Re2 31.Qd4 R8e6 32.Rd2 Qc5 33.Nxf6+ Kh8 34.Qxc5 dxc5 35.Rxe2 Rxe2
36.Nd7 Nf4 37.Rf1 Nd3 38.Rxf7 Rxa2 39.h4 Kg8 40.Re7 Ra1+ 41.Kh2 Rf1 42.Re3 Nb2
43.Nxc5 a5 44.Re2 Rb1 45.Re8+ Kf7 46.Ra8 a4 47.Nxa4 Nxa4 48.bxa4 Rc1 49.a5 Rxc4
50.a6 b3  1/2-1/2

[Event "Stockerau op"]
[Site "Stockerau"]
[Date "1993.??.??"]
[Round "9"]
[White "Todorov, Todor"]
[Black "Kacheishvili, Giorgi"]
[Result "0-1"]
[WhiteElo "2230"]
[BlackElo "2395"]

1.e4 c5 2.Nf3 e6 3.d4 cxd4 4.Nxd4 a6 5.Bd3 b6 6.O-O Bb7 7.Qe2 d6 8.f4 Nd7
9.c4 g6 10.b3 Bg7 11.Bb2 Ngf6 12.e5 Nh5 13.Be4 Bxe4 14.Qxe4 O-O 15.g4 Nc5
16.Qg2 Nxf4 17.Rxf4 dxe5 18.Nc6 Qc7 19.Rf1 Nd3 20.Ba3 e4 21.Qxe4 Nc5 22.Bxc5 bxc5
23.Nd2 Rac8 24.Rad1 Qxc6 25.Qxc6 Rxc6 26.Nf3 f5 27.gxf5 gxf5 28.Rfe1 Re8
29.Rd7 e5 30.Nh4 Rf8 31.Kh1 Kh8 32.Rg1 Bh6 33.Re7 Be3 34.Rg2 Rd6 35.Re2 Bg5
36.Nxf5 Rxf5 37.R7xe5 Rdf6 38.Kg2 Kg7 39.Rxf5 Rxf5 40.Re6 a5 41.Kg3 Bf6 42.Ra6 Bc3
43.Rc6 Bb4 44.h3 Rf6 45.Rc7+ Kg6 46.Kg2 a4 47.bxa4 Ra6 48.Kf3 Rxa4 49.Kg4 h5+
50.Kf4 Bd2+  0-1

[Event "Rilton Cup op9394"]
[Site "Stockholm"]
[Date "1993.??.??"]
[Round "1"]
[White "Furhoff, Johan"]
[Black "Sjoberg, Mats"]
[Result "1/2-1/2"]
[WhiteElo "2285"]
[BlackElo "2475"]

1.e4 c5 2.Nf3 e6 3.d4 cxd4 4.Nxd4 a6 5.Bd3 Bc5 6.Nb3 Ba7 7.Nc3 Nc6 8.Qe2 d6
9.Be3 b5 10.O-O b4 11.Nd1 Nf6 12.Bxa7 Rxa7 13.Ne3 O-O 14.a3 e5 15.Rfd1 Qc7
16.Bc4 a5 17.axb4 Nxb4 18.c3 Nc6 19.Bd5 Ne7 20.c4 Qb6 21.Qc2 Nd7 22.c5 Nxc5
23.Nxc5 dxc5 24.Rdc1 Rc7 25.Nc4 Qg6 26.Nxe5 Qg5 27.Qc3 Nxd5 28.exd5 Bb7 29.Qg3 Qxg3
30.hxg3 Bxd5 31.Rxa5 f6 32.Rcxc5 Rxc5 33.Rxc5 Bxg2 34.Nd7 Rd8 35.Nxf6+ gxf6
36.Kxg2 Rb8 37.Rc2 Rb3 38.Kh3 Kg7 39.Kg4 Kg6 40.Kf4 h5 41.Ke4 f5+ 42.Kd4 f4
43.Kc4 fxg3 44.fxg3  1/2-1/2

[Event "Rilton Cup op9394"]
[Site "Stockholm"]
[Date "1993.??.??"]
[Round "6"]
[White "Kling, Anders"]
[Black "Taimanov, Mark E"]
[Result "0-1"]
[WhiteElo "2245"]
[BlackElo "2500"]

1.e4 c5 2.Nf3 e6 3.d4 cxd4 4.Nxd4 a6 5.Bd3 Ne7 6.O-O Nbc6 7.Nf3 Ng6 8.Nc3 Be7
9.a4 O-O 10.Re1 d6 11.Be3 Bd7 12.Qe2 Rc8 13.Rad1 Qc7 14.Bc1 Bf6 15.e5 Ncxe5
16.Ne4 Be7 17.Nfg5 h6 18.Qh5 hxg5 19.Bxg5 f6 20.Nxf6+ Rxf6 21.Rxe5 Nxe5 22.Qh7+ Kf7
23.Qh5+ Ng6 24.Bxf6 Bxf6 25.Qxg6+ Ke7 26.Re1 Qa5 27.Re3 Qxa4 28.g4 Qf4 29.Bf5 Rh8  0-1

[Event "Rilton Cup op9394"]
[Site "Stockholm"]
[Date "1993.??.??"]
[Round "7"]
[White "Jepson, Christian"]
[Black "Bellon Lopez, Juan Manuel"]
[Result "0-1"]
[WhiteElo "2295"]
[BlackElo "2415"]

1.e4 c5 2.Nf3 e6 3.d4 cxd4 4.Nxd4 a6 5.Bd3 Bc5 6.Nb3 Ba7 7.Qe2 d6 8.Be3 Nc6
9.Nc3 b5 10.O-O Nge7 11.a3 O-O 12.f4 Ng6 13.Kh1 Bxe3 14.Qxe3 Bb7 15.Rad1 Na5
16.Nxa5 Qxa5 17.f5 Ne5 18.Ne2 Qd8 19.Qg3 exf5 20.exf5 Qf6 21.Nf4 Rfe8 22.Nh5 Qh6
23.Be2 Nc4 24.Bxc4 bxc4 25.f6 Re5 26.Qxg7+ Qxg7 27.Nxg7 Re2 28.Rg1 Rxc2 29.Nf5 Rd8
30.Rd4 h5 31.Rh4 Kh7 32.Ne3 Rxb2 33.Nxc4 Rb5 34.h3 Rg5 35.Kh2 d5 36.Rb1 dxc4
37.Rxb7 Kg6 38.Rb2 c3 39.Rc2 Rc8 40.Rd4 Ra5 41.Rd3 Rxa3 42.Rf3 Rb3 43.Rcf2 Rc5
44.Rd3 a5 45.Rg3+ Rg5 46.Rd3 c2  0-1

[Event "SWE-chT 9293"]
[Site "SWE"]
[Date "1993.??.??"]
[Round "8"]
[White "Jepson, Christian"]
[Black "Astrom, Goran"]
[Result "0-1"]
[WhiteElo "2250"]
[BlackElo "2315"]

1.e4 c5 2.Nf3 e6 3.d4 cxd4 4.Nxd4 a6 5.Bd3 Nf6 6.f4 d6 7.Nc3 Qc7 8.a4 g6
9.O-O Bg7 10.Kh1 O-O 11.Qe1 Nbd7 12.Nf3 b6 13.Qh4 Bb7 14.Bd2 e5 15.fxe5 dxe5
16.Bh6 Nh5 17.Bxg7 Kxg7 18.Ng5 Ndf6 19.Rf3 h6 20.Nh3 Nh7 21.Raf1 Rae8 22.R3f2 Qe7
23.Qxe7 Rxe7 24.Re1 Rd8 25.Kg1 N5f6 26.Rfe2 Nf8 27.b3 Ne6 28.Nd5 Nxd5 29.exd5 Nc5
30.Rxe5 Rxe5 31.Rxe5 Nxd3 32.cxd3 Bxd5 33.a5 Kf6 34.Re2 bxa5 35.Ra2 Bb7 36.Nf4 g5
37.Ne2 Rxd3 38.Rxa5 Rxb3 39.Nd4 Rb1+ 40.Kf2 Rb2+ 41.Ne2 Ke6 42.g3 Kf6 43.Ra3 Ke5
44.Re3+ Be4 45.g4 f5 46.gxf5 Kxf5 47.Ke1 Bd5 48.Rc3 Ke5 49.Re3+ Kf6 50.Nc3 Bb7
51.Ne2 Bc6 52.h3 a5 53.Rc3 Bd7 54.Rf3+ Kg6 55.Nc3 Rh2 56.Ne4 Rxh3 57.Rf6+ Kg7
58.Rd6 Re3+ 59.Kf2 Rxe4 60.Rxd7+ Kf6  0-1

[Event "Szekszard op"]
[Site "Szekszard"]
[Date "1993.??.??"]
[Round "7"]
[White "Szalanczy, Emil"]
[Black "Bauer, Tamas"]
[Result "1-0"]
[WhiteElo "2365"]
[BlackElo "2335"]

1.e4 c5 2.Nf3 e6 3.d4 cxd4 4.Nxd4 a6 5.Bd3 Nf6 6.O-O d6 7.Qe2 Be7 8.Nc3 Qc7
9.Kh1 Nbd7 10.f4 b6 11.Bd2 Bb7 12.Rae1 Nc5 13.e5 Nfd7 14.Nf3 g6 15.exd6 Qxd6
16.Ne4 Nxe4 17.Bxe4 Bxe4 18.Qxe4 O-O 19.Bc3 Nf6 20.Qe2 Rfd8 21.Ng5 Ra7 22.Be5 Qc6
23.c3 Rad7 24.Bd4 b5 25.a3 a5 26.Nf3 Rb7 27.Ne5 Qd5 28.Rd1  1-0

[Event "EU-ch U16 Girls"]
[Site "Szombathely"]
[Date "1993.??.??"]
[Round "5"]
[White "Peptan, Corina"]
[Black "Djingarova, Emilia"]
[Result "1-0"]
[WhiteElo "2355"]
[BlackElo "2045"]

1.e4 c5 2.Nf3 e6 3.d4 cxd4 4.Nxd4 a6 5.Bd3 Qc7 6.O-O Nf6 7.Qe2 d6 8.c4 Be7
9.Nc3 O-O 10.Be3 Nbd7 11.f4 b6 12.Rac1 g6 13.Bb1 Bb7 14.f5 exf5 15.exf5 Ne5
16.Nd5 Bxd5 17.cxd5 Qd7 18.Nc6 Nxd5 19.Nxe5 dxe5 20.Rfd1 gxf5 21.Qf3 Rfd8
22.Bxf5 Qb5 23.Rxd5 Qxd5 24.Qg3+ Bg5 25.Bxg5  1-0

[Event "Ticino op"]
[Site "Ticino"]
[Date "1993.??.??"]
[Round "4"]
[White "Rodriguez, Amador"]
[Black "Goldstern, Flip"]
[Result "1/2-1/2"]
[WhiteElo "2490"]
[BlackElo "2330"]

1.e4 c5 2.Nf3 e6 3.d4 cxd4 4.Nxd4 a6 5.Bd3 Nf6 6.O-O d6 7.c4 Be7 8.Nc3 O-O
9.f4 Nc6 10.Nxc6 bxc6 11.Kh1 Nd7 12.Rf3 g6 13.b3 Bb7 14.Bb2 c5 15.Rh3 Qc7
16.Qe1 Rfe8 17.Rd1 Rad8 18.Bb1 Bf6 19.Na4 Bxb2 20.Nxb2 f5 21.Qh4 Nf8 22.Re3 fxe4
23.Bxe4 d5 24.Bc2 dxc4 25.Nxc4 Rxd1+ 26.Bxd1 Rd8 27.Be2 Rd4 28.Ne5 Rd2 29.Kg1 Rxa2
30.f5 exf5 31.Bc4+ Kg7 32.Nf3 Be4 33.Bd5 Ra1+ 34.Kf2 Ra2+ 35.Kf1 Ra1+ 36.Kf2  1/2-1/2

[Event "Timisoara zt-B (Women)"]
[Site "Timisoara"]
[Date "1993.??.??"]
[Round "3"]
[White "Velcheva, Maria"]
[Black "Veroci, Zsuzsa"]
[Result "1-0"]
[WhiteElo "2150"]
[BlackElo "2325"]

1.e4 c5 2.Nf3 e6 3.d4 cxd4 4.Nxd4 a6 5.Bd3 Nf6 6.O-O d6 7.c4 Bd7 8.Nc3 Nc6
9.Nxc6 Bxc6 10.Be3 Be7 11.Qe2 O-O 12.Rfd1 Qb8 13.f3 Nd7 14.b4 Bf6 15.Rac1 b6
16.Bf4 Ne5 17.Bg3 Rd8 18.f4 Nxd3 19.Rxd3 Bxc3 20.Rdxc3 Qb7 21.Re3 b5 22.Bh4 Rd7
23.f5 Re8 24.f6 g6 25.Qg4 h5 26.Qg5 Kh7 27.Rce1 bxc4 28.g4 hxg4 29.Qxg4 Rh8
30.Rh3 Kg8 31.Bg5 Rxh3 32.Qxh3 Qxb4 33.Re3 d5 34.Qh6 Qf8 35.Rh3 Qxh6 36.Bxh6 dxe4
37.Bg7 Rd1+ 38.Kf2 e3+ 39.Ke2 Rd2+ 40.Ke1  1-0

[Event "Ufa"]
[Site "Ufa"]
[Date "1993.??.??"]
[Round "?"]
[White "Bezgodov, Alexei"]
[Black "Annakov, Babakuli"]
[Result "1-0"]
[WhiteElo "2345"]
[BlackElo "2350"]

1.e4 c5 2.Nf3 e6 3.d4 cxd4 4.Nxd4 a6 5.Bd3 Nf6 6.O-O d6 7.c4 g6 8.Nc3 Bg7
9.Be3 O-O 10.Rc1 Nbd7 11.b4 d5 12.exd5 exd5 13.c5 Ne5 14.Na4 Nfg4 15.Bf4 Qf6
16.Bxe5 Nxe5 17.Nb6 Bg4 18.Be2 Bxe2 19.Nxe2 Rad8 20.Nxd5 Nf3+ 21.gxf3 Qg5+
22.Ng3 Rxd5 23.f4 Rxd1 24.fxg5 Rd4 25.c6 bxc6 26.Rxc6 Ra8 27.Rb1 Rd2 28.a4 Bd4
29.Ne4 Re2 30.Nf6+ Kg7 31.Ng4 Ra2 32.Rd1 Ra1 33.Rxa1 Bxa1 34.Rc7 Bd4 35.Nh6 Rf8
36.Kg2 Rb8 37.Rxf7+ Kh8 38.Rd7 Bc3 39.b5 axb5 40.axb5 Ba5 41.Ng4 Bc3 42.b6 h5
43.Nf6  1-0